000 00423nam a2200169Ia 4500
003 GCL
008 140319s9999 xx 000 0 eng d
040 _aGCL /
_cGCL
082 0 4 _a741.2
_bJ H
100 1 _aJAXTHEIMER, BODOW
245 1 0 _aHOW TO PAINT AND DRAW /
_cJAXTHEIMER, BODOW
260 _a[S.N] :
_bTHAMES AND HUDSON ،
_c1991
300 _a408 PP
650 0 4 _aDRAWING
650 0 4 _aPAINTING
942 _2ddc
_cBK
999 _c18917
_d18917